[Event "Wch Seniors 22nd"]
[Site "Kamena Vourla"]
[Date "2012.11.14"]
[Round "2"]
[White "Zharokov, Biket"]
[Black "Kunz, Konstantin"]
[Result "0-1"]
[WhiteElo "1934"]
[BlackElo "2247"]
[PlyCount "84"]
[EventDate "2012.11.13"]
[EventType "swiss"]
[EventRounds "11"]
[EventCountry "GRE"]
[SourceTitle "CBM 151 Extra"]
[Source "ChessBase"]
[SourceDate "2012.12.18"]
[SourceVersion "1"]
[SourceVersionDate "2012.12.18"]
[SourceQuality "1"]

1. d4 Nf6 2. Nf3 e6 3. Bg5 c5 4. c3 b6 5. e3 Bb7 6. Bd3 h6 7. Bh4 d6 8. Nbd2 g5 9. Bg3 Nh5 10. Be4 Bxe4 11. Nxe4 Nxg3 12. hxg3 g4 13. Nh4 d5 14. Nd2 h5 15. f3 Bd6 16. Kf2 Rg8 17. Nf1 Nc6 18. Qd3 Qc7 19. Qh7 0-0-0 20. Qxh5 f5 21. Ng6 Qg7 22. f4 Qxg6 23. Qxg6 Rxg6 24. Nd2 Bf8 25. Rh7 Rg7 26. Rh8 c4 27. Rah1 b5 28. a3 a5 29. R1h6 Kd7 30. Rh1 Bd6 31. R8h6 Rb8 32. Ke2 b4 33. axb4 axb4 34. Ra1 Rgg8 35. Rh7+ Be7 36. cxb4 Rxb4 37. Ra6 Rc8 38. Ra2 Rcb8 39. Rh1 Rxb2 40. Rxb2 Rxb2 41. Rc1 Bb4 42. Rd1 c3 0-1

[Event "Pavlodar op"]
[Site "Pavlodar"]
[Date "2010.12.02"]
[Round "3"]
[White "Zharokov, Biket"]
[Black "Saduakassova, Dinara"]
[Result "0-1"]
[WhiteElo "1941"]
[BlackElo "2142"]
[PlyCount "62"]
[EventDate "2010.11.30"]
[EventType "swiss"]
[EventRounds "10"]
[EventCountry "KAZ"]
[SourceTitle "EXT 2012"]
[Source "ChessBase"]
[SourceDate "2011.11.24"]
[SourceVersion "1"]
[SourceVersionDate "2011.11.24"]
[SourceQuality "1"]

1. d4 Nf6 2. Nf3 d5 3. Bg5 e6 4. e3 c5 5. c3 Nbd7 6. Bd3 Be7 7. Qa4 0-0 8. Ne5 Nxe5 9. dxe5 Ne4 10. Bxe7 Qxe7 11. f3 c4 12. fxe4 cxd3 13. exd5 exd5 14. Qd4 Bf5 15. Nd2 Rfe8 16. Qxd5 Rad8 17. Qf3 Qxe5 18. 0-0 Bg6 19. Rfe1 Re7 20. Qf4 Qc5 21. Rad1 Qb6 22. Rb1 Re6 23. b4 Rde8 24. Nc4 Qc6 25. b5 Qc5 26. Red1 Re4 27. Qd6 Rxc4 28. Qd7 Qc8 29. Qd5 Rxc3 30. Qd4 Rc2 31. e4 Qg4 0-1

[Event "Pavlodar op"]
[Site "Pavlodar"]
[Date "2010.11.30"]
[Round "1"]
[White "Zharokov, Biket"]
[Black "Gnusarev, Pavel"]
[Result "0-1"]
[WhiteElo "1941"]
[BlackElo "2378"]
[PlyCount "52"]
[EventDate "2010.11.30"]
[EventType "swiss"]
[EventRounds "10"]
[EventCountry "KAZ"]
[SourceTitle "EXT 2012"]
[Source "ChessBase"]
[SourceDate "2011.11.24"]
[SourceVersion "1"]
[SourceVersionDate "2011.11.24"]
[SourceQuality "1"]

1. d4 Nf6 2. Nf3 e6 3. Bg5 h6 4. Bh4 d6 5. e3 g5 6. Bg3 Nh5 7. Bd3 Bg7 8. c3 Qe7 9. Nbd2 a6 10. e4 Nd7 11. Qe2 c5 12. e5 g4 13. exd6 Nxg3 14. fxg3 gxf3 15. Qxf3 Qxd6 16. 0-0 0-0 17. Ne4 Qe7 18. dxc5 f5 19. Nd6 Nxc5 20. Nxc8 Raxc8 21. Bc2 Rcd8 22. Qe2 Qg5 23. Bb3 Rd2 24. Bxe6+ Kh8 25. Qc4 Qe3+ 26. Kh1 b5 0-1

[Event "Wch Seniors 19th"]
[Site "Condino"]
[Date "2009.11.03"]
[Round "7"]
[White "Zharokov, Biket"]
[Black "Zhelesny, Stanislav"]
[Result "1/2-1/2"]
[WhiteElo "2000"]
[BlackElo "2173"]
[PlyCount "36"]
[EventDate "2009.10.27"]
[EventType "swiss"]
[EventRounds "11"]
[EventCountry "ITA"]
[SourceTitle "EXT 2010"]
[Source "ChessBase"]
[SourceDate "2010.11.25"]
[SourceVersion "1"]
[SourceVersionDate "2010.11.25"]
[SourceQuality "1"]

1. d4 Nf6 2. Nf3 g6 3. Bg5 Ne4 4. Bf4 d5 5. e3 Bg7 6. Nbd2 0-0 7. Bd3 f5 8. c4 e6 9. Ne5 g5 10. Bg3 c5 11. cxd5 Nxd2 12. Qxd2 cxd4 13. exd4 exd5 14. f4 Nc6 15. Qc3 gxf4 16. Bxf4 Qa5 17. Nxc6 Qxc3+ 18. bxc3 bxc6 1/2-1/2

[Event "Wch Seniors 19th"]
[Site "Condino"]
[Date "2009.10.27"]
[Round "1"]
[White "Zharokov, Biket"]
[Black "Klundt, Klaus"]
[Result "0-1"]
[WhiteElo "2000"]
[BlackElo "2337"]
[PlyCount "64"]
[EventDate "2009.10.27"]
[EventType "swiss"]
[EventRounds "11"]
[EventCountry "ITA"]
[SourceTitle "EXT 2010"]
[Source "ChessBase"]
[SourceDate "2010.11.25"]
[SourceVersion "1"]
[SourceVersionDate "2010.11.25"]
[SourceQuality "1"]

1. d4 d5 2. Nf3 Nf6 3. Bf4 c5 4. c3 Qb6 5. Qb3 Nc6 6. e3 c4 7. Qxb6 axb6 8. Be2 e6 9. Nbd2 b5 10. 0-0 b4 11. Bg5 Be7 12. Bxf6 Bxf6 13. e4 0-0 14. exd5 exd5 15. Rfe1 Be6 16. Nf1 bxc3 17. bxc3 Ra3 18. Rec1 Rfa8 19. Rc2 b5 20. Ne3 b4 21. cxb4 Nxb4 22. Rb2 Nc6 23. Nc2 Rxf3 24. Bxf3 Nxd4 25. Nxd4 Bxd4 26. Rab1 Bxb2 27. Rxb2 Kf8 28. Kf1 Ke7 29. Ke2 Kd6 30. g3 Ra3 31. Bg2 Kc5 32. Kd1 c3 0-1